• 首页
  • 本馆介绍
  • 公告通知
  • 最新文献
  • 馆藏检索
  • 电子资源
  • 读者导购
  • 参考咨询
  • 我的图书馆
  • 登录
  • 详细信息显示
  • 放入我的书架
  • 预约/预借图书
  • 作者相关作品
  • 分类相关作品
  • 丛书相关作品
  • 出版社相关作品

书目信息

  • 表格格式
  • 工作单格式
  • 卡片格式
题名:
世界语运动在中国
    
 
作者: 候志平 编
分册:  
出版信息: 北京   中国世界语出版社  1985
页数: 164页
开本: 19cm
丛书名:
单 册:
中图分类: H91
科图分类:
主题词: 世界语--自学参考资料
电子资源:
ISBN:
000 00622nam0 2200229 45
001 0185014046
005 20040509174311.5
010    @dCNY1.30
100    @a19951101d1985 em y0chiy0121 ea
101 0  @achi
102    @aCN@b110000
105    @af z 000yy
106    @ar
200 10 @a世界语运动在中国@Ashi jie yu yun dong zai zhong guo@f候志平编
210    @a北京@c中国世界语出版社@d1985
215    @a164页@c照片@d19cm
606    @a世界语@x自学参考资料
690    @aH91@v3
701  0 @a候志平@4编@Ahou zhi ping
801  0 @aCN@b深圳图书馆@c20040509
801  2 @aCN@bNLC@c20040509
905    @f2@b147885-886@dH91@e13
    
    世界语运动在中国/候志平编.-北京:中国世界语出版社,1985
    164页:照片;19cm
    
    
    ISBN :CNY1.30
    
●
相关链接 在E读中查询图书 在五车中查询图书 在当当中查询图书 在豆瓣中查询图书


正题名:世界语运动在中国     索取号:H91/13         预约/预借

序号 登录号 条形码 馆藏地/架位号 状态 备注
1 0147885   001168453   第四借阅区/ [索取号:H91/13] 在馆    
2 0147886   001168444   第四借阅区/ [索取号:H91/13] 在馆    
3 0147887   001168435   第二样本阅览室/ [索取号:H91/13] 在馆    
唐山师范学院图书馆 欢迎您!
大连网信软件有限公司© 版权所有